=LDR 00000nam 2200000 4500 =001 INLIS000000000033891 =005 20130612135824 =008 ***********************************ind** =035 ##$$0010-061300000033891 =041 ##$$a ind =082 ##$$a 611 =090 ##$$a 611, Set,a =100 ##$$a Setiadi =245 ##$$a Anatomi =260 ##$$a 2007 $b Yogyakarta =300 ##$$a xviii,208 hlm., Illus, 21 cm =650 ##$$a Anatoni Manusia =850 ##$$a NBPNMAT